000 00822nam a22002417a 4500
001 101719
003 UA-OsUOA
005 20220110125217.0
007 ta
008 20130711b un ||||| |||| 00| 0 ukr d
020 _a9667508145
040 _aUA-OsUOA
_bukr
_cUA-OsUOA
_dUA-OsUOA
041 _aukr
080 _a323 (477)
090 _a323 (477)
_bС 89
245 _aСучасна українська політика: політики і політологи про неї
_cредкол. : Михальченко М. І., Рудич Ф. М.
260 _aК.
_bУкр.-фін. ін-т менеджменту і бізнесу
_c1999
300 _a325 с.
650 7 _a32 Політика
_2UDC
942 _cBK
_2udc
955 _a2
999 _c388007
_d388007